Southville International School and Colleges
Your cart is empty.
  • Cart
  • Lists
    Public lists Eva Luna New books Lux_list list_1
    Your lists Log in to create your own lists
  • Log in to your account
  • Your cookies
  • Search history
Southville International School and Colleges
  • Advanced search
  • Recent comments
  • Most popular
  • Libraries

Log in to your account

Log in with GOOGLE


If you do not have an external account, but do have a local account, you can still log in:

  1. Home
  2. MARC view: Sixty six /
Normal view MARC view ISBD view

Sixty six / (Record no. 353652)

[ view plain ]
MARC details
000 -LEADER
fixed length control field 00823nam a22002297a 4500
003 - CONTROL NUMBER IDENTIFIER
control field SISC
005 - DATE AND TIME OF LATEST TRANSACTION
control field 20180131090805.0
008 - FIXED-LENGTH DATA ELEMENTS--GENERAL INFORMATION
fixed length control field 180130b xxu||||| |||| 00| 0 eng d
020 ## - INTERNATIONAL STANDARD BOOK NUMBER
International Standard Book Number 9789715085601
050 ## - LIBRARY OF CONGRESS CALL NUMBER
Classification number PN 6790 .P64
Item number .M65 2015 v.1
100 ## - MAIN ENTRY--PERSONAL NAME
Personal name Molina, Russell
Relator term author
245 ## - TITLE STATEMENT
Title Sixty six /
Statement of responsibility, etc [kuwento ni] Russell Molina ; [guhit ni] Ian Sta. Maria
250 ## - EDITION STATEMENT
Edition statement 2nd edition
260 ## - PUBLICATION, DISTRIBUTION, ETC. (IMPRINT)
Place of publication, distribution, etc Lungsod Quezon :
Name of publisher, distributor, etc Adarna House, Inc.,
Date of publication, distribution, etc c2015.
300 ## - PHYSICAL DESCRIPTION
Extent 142 pages :
Other physical details illustrations;
Dimensions 22 cm.
546 ## - LANGUAGE NOTE
Language note In Tagalog
650 ## - SUBJECT ADDED ENTRY--TOPICAL TERM
Source of heading or term Library of Congress Subject Headings
Topical term or geographic name as entry element Superheroes
Form subdivision Comic books, strips, etc.
Geographic subdivision Philippines
650 ## - SUBJECT ADDED ENTRY--TOPICAL TERM
Source of heading or term Library of Congress Subject Headings
Topical term or geographic name as entry element Comic books, strips, etc.
Geographic subdivision Philippines
700 ## - ADDED ENTRY--PERSONAL NAME
Personal name Sta. Maria, Ian
Relator term illustrator
942 ## - ADDED ENTRY ELEMENTS (KOHA)
Source of classification or shelving scheme Library of Congress Classification
Koha item type Books
Holdings
Withdrawn status Lost status Source of classification or shelving scheme Damaged status Home library Current library Shelving location Date acquired Source of acquisition Sub Shelving location Total Checkouts Total Renewals Full call number Barcode Date last seen Date checked out Copy number Price effective from Koha item type
    Library of Congress Classification   Luxembourg Library Luxembourg Library Filipiniana Section 01/30/2018 Library Fund   2 1 PN 6790 .P64 .M65 2015 20486 03/01/2019 02/02/2019 1 01/30/2018 Books
    Library of Congress Classification   Luxembourg Library Luxembourg Library Teachers Reference Section 01/30/2018 Library Fund   1 1 PN 6790 .P64 .M65 2015 20485 03/09/2018 02/02/2018 2 01/30/2018 Books

Sixty six /

APA

Molina R., Sta. Maria I., . (2015). Sixty six. Lungsod Quezon: Adarna House, Inc.

Chicago

Molina Russell, Sta. Maria Ian, . 2015. Sixty six. Lungsod Quezon: Adarna House, Inc.

Harvard

Molina R., Sta. Maria I., . (2015). Sixty six. Lungsod Quezon: Adarna House, Inc.

MLA

Molina Russell, Sta. Maria Ian, . Sixty six. Lungsod Quezon: Adarna House, Inc. 2015.

  • Place hold
  • Print
  • Cite
  • Add to your cart (remove)
  • Save record
    BIBTEX Dublin Core MARCXML MARC (non-Unicode/MARC-8) MARC (Unicode/UTF-8) MARC (Unicode/UTF-8, Standard) MODS (XML) RIS
  • More searches
    Search for this title in:
    Other Libraries (WorldCat) Other Databases (Google Scholar) Online Stores (Bookfinder.com) Open Library (openlibrary.org)

Exporting to Dublin Core...

SOUTHVILLE LIBRARY

Southville International School and Colleges Library

1281 Tropical Ave. Cor. Luxembourg St., BF Homes International, Las Pinas City

Tel. No. 8256374 / 252358 Loc. 117/146

Powered by Koha